000 00238nam a2200097Ia 4500
005 20251222114402.0
008 251222s1900||||xx |||||||||||||| ||spa||
082 _aDVD0060/D33/1997/Ej.2
245 0 _aLos 92 minutos del Sr. Baum:
942 _cDVD
999 _c1680
_d1680